000 00909cam a2200265 a 4500
001 000020174
005 20200929170311.0
008 880527s1987 cu 000 p spa d
040 _aDO-SdBNP
_bspa
_cDLC
_dBNPHU
082 _a861.6
_bT796
245 0 0 _aTres poetas centroamericanos /
_cedición ; Dominica Diez, selección de Raúl Hernández Novás.
260 _aLa Habana, Cuba :
_bCasa de las Américas,
_c1987.
300 _a254 p. ;
_c20 cm.
490 1 _aLa Honda
505 0 _aJoaquín Pasos -- Otto-Raúl González -- Jorge Debravo.
650 4 _aAmérica central
_xPoesía
_ySIGLO XX
_942769
700 1 _aDiez, Dominica
_eed.
_914421
700 1 _aPasos, Joaquín.
_942770
700 1 _aGonzález, Otto Raúl.
_942771
700 1 _aDebravo, Jorge,
_942772
700 1 _aHernández Novás, Raúl
_99862
830 3 _aLa Honda
_922010
910 _aCatalogación derivada / LC
049 _aBNGR
999 _c19681
_d19681